000 00505nam a2200205Ia 4500
003 OSt
005 20251125092928.0
008 250729s1987 xx 000 0 und d
020 _a978-1850911760
040 _cAL
041 _aeng
082 _a371.333 BLAP
100 _aBland Michael
_9224749
245 _aPromoting yourself on television & radio
260 _aGreat Britain
_c1987
300 _a121p
650 _aEducation
_9224750
700 _aMondesis Sumone
_9224751
942 _2ddc
_cBED
999 _c236568
_d236568